000 01072cam a2200313 a 4500
001 15437261
003 OSt
005 20140310182121.0
008 080903s2009 nyuab b 001 0 eng
010 _a 2008038880
020 _a9780205649167 (alk. paper)
020 _a0205649165 (alk. paper)
035 _a(OCoLC)ocn209663857
040 _aDLC
_cDLC
_dBTCTA
_dBAKER
_dC#P
_dYDXCP
_dDLC
043 _aa------
050 0 0 _aDS 33
_b.M978 2009
082 0 0 _aM 950
_bM95 2009
100 1 _aMurphey, Rhoads.
_d1919-
245 1 2 _aA history of Asia /
_cRhoads Murphey.
250 _a6th ed.
260 _aNew York :
_bPearson/Longman,
_cc2009.
300 _a526 p. :
_bill. ;
_c26 cm.
651 0 _aAsia
_xHistory.
856 4 1 _3Table of contents only
_uhttp://www.loc.gov/catdir/toc/ecip0827/2008038880.html
906 _a7
_bcbc
_corignew
_d1
_eecip
_f20
_gy-gencatlg
942 _2lcc
_cBK
999 _c9544
_d9544